[Event "Indonesia Open 2013"]
[Site "Jakarta INA"]
[Date "2013.10.13"]
[Round "5.34"]
[White "Fauzan, M"]
[Black "Pradeep, Kumar R.A."]
[Result "0-1"]
[WhiteElo "2221"]
[BlackElo "2331"]
[WhiteFideId "7105142"]
[BlackFideId "5023181"]
[EventDate "2013.10.10"]

1. d4 Nf6 2. Nf3 g6 3. c4 Bg7 4. Nc3 O-O 5. g3 d6 6. Bg2 c6 7. O-O Qb6 8. Qc2
Re8 9. h3 e5 10. dxe5 dxe5 11. e4 Nbd7 12. Be3 Qc7 13. Rfd1 Bf8 14. a3 a5 15.
Rab1 a4 16. Bg5 h6 17. Be3 Qa5 18. Bd2 Qa6 19. Na2 Qb6 20. Nb4 Kh7 21. Bc3 Qc7
22. Re1 Nc5 23. Nd2 Bg7 24. Nd3 Nxd3 25. Qxd3 Be6 26. Rbd1 Nd7 27. Bf1 c5 28.
Kh2 Nb6 29. Qc2 f6 30. Rb1 h5 31. Nf3 Nxc4 32. Bxc4 Bxc4 33. Bxe5 Qf7 34. Bd6
Rad8 35. Rbc1 b5 36. e5 Bd5 0-1

[Event "Indonesia Open 2013"]
[Site "Jakarta INA"]
[Date "2013.10.13"]
[Round "5.35"]
[White "Paragua, Mark"]
[Black "Masruri, Rahman"]
[Result "1/2-1/2"]
[WhiteTitle "GM"]
[WhiteElo "2571"]
[BlackElo "2222"]
[WhiteFideId "5201241"]
[BlackFideId "7101163"]
[EventDate "2013.10.10"]

1. e4 e6 2. d3 d5 3. Qe2 Nf6 4. Nf3 Be7 5. g3 b6 6. e5 Nfd7 7. h4 c5 8. Bg2 Bb7
9. O-O Nc6 10. Re1 Qc7 11. c4 dxc4 12. dxc4 O-O 13. Nc3 a6 14. Bf4 Rfd8 15. Rad1
Nf8 16. h5 Rxd1 17. Rxd1 Rd8 18. Nd5 exd5 19. cxd5 Qd7 20. Rd2 Nd4 21. Nxd4 cxd4
22. d6 Ne6 23. Bxb7 Qxb7 24. dxe7 Re8 25. Rd1 Rxe7 26. Bd2 Rc7 27. f4 Rc2 28.
Rf1 Nc5 29. f5 Ne4 30. Rc1 Nxg3 31. Qg2 Rxc1+ 32. Bxc1 Qxg2+ 33. Kxg2 Nxf5 34.
Kf3 Kf8 35. Ke4 Ng3+ 36. Kd3 Nxh5 37. Kxd4 Ke7 38. Kd5 Kd7 39. a4 h6 40. Be3 Kc7
41. b4 g5 42. b5 axb5 43. axb5 Ng3 44. Bf2 Ne2 45. Ke4 g4 46. Kd3 Nf4+ 47. Ke4
Ne2 48. Kd3 Nc1+ 49. Kc2 Ne2 50. Kd3 Nf4+ 51. Ke4 Nh5 52. Kf5 g3 53. Bg1 g2 54.
Kg4 Ng7 55. Kf3 Ne6 56. Kxg2 Kb7 57. Kf3 Nc7 58. Kg4 Nxb5 59. Kh5 Nc7 60. Kxh6
Ne6 61. Kh7 Kc6 62. Kg8 Ng5 63. Be3 Nf3 64. Kxf7 Nxe5+ 65. Ke6 1/2-1/2

[Event "Indonesia Open 2013"]
[Site "Jakarta INA"]
[Date "2013.10.13"]
[Round "5.36"]
[White "Nakhbayeva, Guliskhan"]
[Black "Hossain, Enamul"]
[Result "0-1"]
[WhiteTitle "WGM"]
[BlackTitle "GM"]
[WhiteElo "2307"]
[BlackElo "2445"]
[WhiteFideId "13704788"]
[BlackFideId "10200649"]
[EventDate "2013.10.10"]

1. d4 Nf6 2. c4 d6 3. Nc3 Nbd7 4. Nf3 e5 5. Bg5 Be7 6. Qc2 c6 7. e3 Nh5 8. Bxe7
Qxe7 9. Be2 Nhf6 10. dxe5 dxe5 11. O-O O-O 12. Nd2 a5 13. Na4 Nc5 14. Nxc5 Qxc5
15. Nb3 Qe7 16. c5 Be6 17. e4 a4 18. Nd2 Nd7 19. Rfc1 Ra5 20. b4 axb3 21. Nxb3
Bxb3 22. Qxb3 Rb8 23. Rc2 Rxc5 24. Qb4 Kf8 25. Rb2 b6 26. Rd1 g6 27. g3 h5 28.
Kg2 Rb7 29. Rd3 Nf6 30. Rf3 Kg7 31. Rfb3 b5 32. a4 Rd7 33. axb5 cxb5 34. Bxb5
Rd4 35. Qa3 Nxe4 36. Bc6 Ng5 37. Rc3 Qe6 38. Bf3 Qh3+ 0-1

[Event "Indonesia Open 2013"]
[Site "Jakarta INA"]
[Date "2013.10.13"]
[Round "5.37"]
[White "Surya, Wahyudi"]
[Black "Milliet, Sophie"]
[Result "0-1"]
[BlackTitle "IM"]
[WhiteElo "2279"]
[BlackElo "2399"]
[WhiteFideId "7102542"]
[BlackFideId "623725"]
[EventDate "2013.10.10"]

1. d4 Nf6 2. Nf3 e6 3. c4 b6 4. g3 Bb7 5. Bg2 Be7 6. Nc3 O-O 7. Qc2 c5 8. d5
exd5 9. Ng5 Nc6 10. Nxd5 g6 11. Nh3 Nxd5 12. cxd5 Nd4 13. Qd1 Ba6 14. Nf4 Re8
15. Nd3 c4 16. Nf4 Bb4+ 17. Bd2 c3 18. bxc3 Nxe2 19. Nxe2 Rxe2+ 20. Qxe2 Bxe2
21. Kxe2 Bc5 22. Kd3 Qf6 23. f4 Re8 24. Rae1 Qf5+ 25. Kc4 Rxe1 26. Rxe1 Qc2 27.
Re2 Qa4+ 28. Kd3 Qb5+ 29. c4 Qb1+ 30. Kc3 Qa1+ 31. Kc2 Qxa2+ 32. Kd3 Qb1+ 0-1

[Event "Indonesia Open 2013"]
[Site "Jakarta INA"]
[Date "2013.10.13"]
[Round "5.38"]
[White "Sihite, Chelsie Monica"]
[Black "Pham, Le Thao Nguyen"]
[Result "0-1"]
[WhiteTitle "WIM"]
[BlackTitle "IM"]
[WhiteElo "2267"]
[BlackElo "2389"]
[WhiteFideId "7101198"]
[BlackFideId "12401226"]
[EventDate "2013.10.10"]

1. e4 c5 2. Nf3 e6 3. d4 cxd4 4. Nxd4 a6 5. Nc3 Qc7 6. Bd3 Nc6 7. Be3 Nf6 8. O-O
Bd6 9. g3 O-O 10. a4 Bb4 11. Nxc6 bxc6 12. f4 d5 13. Bd4 Be7 14. a5 c5 15. Bxf6
Bxf6 16. exd5 Bd4+ 17. Kg2 Bb7 18. Be4 Rad8 19. Qd3 g6 20. Bf3 exd5 21. b4 Bg7
22. bxc5 Qxc5 23. Rab1 Bc6 24. Rb3 Qxa5 25. Rf2 Qc5 26. Rd2 Rfe8 27. Re2 Rxe2+
28. Nxe2 Bb5 29. Qd2 Bc4 30. Rb7 a5 31. f5 a4 32. fxg6 hxg6 33. Qg5 Re8 34. Nf4
Qc6 35. Ra7 Bf6 36. Qh6 Bd4 37. Ra5 Be3 38. Qh4 Bb6 39. Bxd5 Bxd5+ 40. Rxd5 a3
41. Kh3 a2 42. Rd1 Qc8+ 0-1

[Event "Indonesia Open 2013"]
[Site "Jakarta INA"]
[Date "2013.10.13"]
[Round "5.39"]
[White "Tamin, Upi Darmayana"]
[Black "Ardiansyah, H"]
[Result "0-1"]
[WhiteTitle "WIM"]
[BlackTitle "GM"]
[WhiteElo "2151"]
[BlackElo "2368"]
[WhiteFideId "7100353"]
[BlackFideId "7100027"]
[EventDate "2013.10.10"]

1. Nf3 Nf6 2. g3 d5 3. Bg2 c5 4. d3 g6 5. O-O Bg7 6. c3 Nc6 7. Nbd2 e5 8. e4 h6
9. exd5 Nxd5 10. Nc4 O-O 11. a4 Be6 12. Re1 Qc7 13. Nfd2 Rad8 14. Qe2 Rfe8 15.
Ne4 b6 16. f3 f5 17. Nf2 Bf7 18. Bd2 a6 19. Qf1 Nf6 20. Qe2 Kh7 21. Bc1 b5 22.
axb5 axb5 23. Nd2 Nd5 24. Nf1 b4 25. Bd2 bxc3 26. bxc3 e4 27. Rac1 exd3 28. Qxd3
Nxc3 29. Bf4 Qa5 30. Bd6 Rxe1 0-1

[Event "Indonesia Open 2013"]
[Site "Jakarta INA"]
[Date "2013.10.13"]
[Round "5.40"]
[White "Sukandar, Irine Kharisma"]
[Black "Le, Tuan Minh"]
[Result "1/2-1/2"]
[WhiteTitle "WGM"]
[BlackTitle "FM"]
[WhiteElo "2363"]
[BlackElo "2327"]
[WhiteFideId "7101937"]
[BlackFideId "12401153"]
[EventDate "2013.10.10"]

1. e4 e6 2. d4 d5 3. Nc3 dxe4 4. Nxe4 Bd7 5. Nf3 Bc6 6. Bd3 Nd7 7. O-O Ngf6 8.
Ng3 Be7 9. Re1 Bxf3 10. Qxf3 c6 11. c3 O-O 12. Bf4 Re8 13. Rad1 Nf8 14. Ne4 Nxe4
15. Qxe4 Bd6 16. Bc1 Qc7 17. h4 Rad8 18. Qg4 Kh8 19. h5 h6 20. Qf3 Qe7 21. g3
Kg8 22. Kg2 Bc7 23. Re2 Qd6 24. b3 a5 25. Rh1 Qe7 26. Kf1 Nh7 27. Bc2 Bb6 28. g4
c5 29. Qd3 Nf8 30. g5 hxg5 31. h6 g6 32. h7+ Kh8 33. Qg3 f6 34. Bxg5 cxd4 35.
Qf4 Nd7 36. Bh6 g5 37. Qf3 Ne5 38. Rxe5 d3 39. Bxd3 fxe5 40. Qg3 Rf8 41. Bxf8
Rxf8 42. Qxe5+ Qf6 43. Qxf6+ Rxf6 44. Rh2 g4 45. Ke2 Rf4 46. Bg6 Bc5 47. a4 b6
48. Bd3 Rf3 49. Be4 Rf4 50. Bg6 e5 51. Bb1 Rf3 52. b4 axb4 53. cxb4 Bxb4 54. Rh5
Bc5 55. Rg5 Rxf2+ 56. Ke1 Rf8 57. Rxg4 Bd4 58. Be4 Bc3+ 59. Ke2 Rd8 60. Rg6 Bd4
61. Rg5 Bc3 62. Kf3 Rf8+ 63. Ke3 Rd8 64. Rg2 Bb4 65. Bf5 Bc5+ 66. Ke4 Re8 67.
Rg6 Rf8 68. Rh6 Ra8 69. Rc6 Rxa4+ 70. Kxe5 Ra8 71. Bc2 Re8+ 72. Kf6 Rf8+ 73. Kg6
Bd4 1/2-1/2

[Event "Indonesia Open 2013"]
[Site "Jakarta INA"]
[Date "2013.10.13"]
[Round "5.43"]
[White "Azarya, Jodi Setyaki"]
[Black "Muhammad, Luthfi Ali"]
[Result "0-1"]
[WhiteTitle "CM"]
[BlackTitle "CM"]
[WhiteElo "2126"]
[BlackElo "2338"]
[WhiteFideId "7101589"]
[BlackFideId "7103743"]
[EventDate "2013.10.10"]

1. e4 c5 2. Nf3 g6 3. d4 cxd4 4. Nxd4 Nc6 5. Nc3 Bg7 6. Be3 Nf6 7. Bc4 O-O 8.
Bb3 d6 9. f3 Bd7 10. Qd2 Na5 11. O-O-O Nxb3+ 12. cxb3 Qa5 13. Kb1 Rfc8 14. g4 b5
15. Bh6 Bxh6 16. Qxh6 b4 17. Nce2 Qe5 18. h4 Bxg4 19. fxg4 Qxe4+ 20. Ka1 Nxg4
21. Qd2 e5 22. Nb5 Rc2 23. Ng3 Qxh1 24. Qxc2 Qxh4 25. Qe4 Rb8 0-1

[Event "Indonesia Open 2013"]
[Site "Jakarta INA"]
[Date "2013.10.13"]
[Round "5.45"]
[White "Davletbayeva, Madina"]
[Black "Torre, Eugenio"]
[Result "1/2-1/2"]
[WhiteTitle "WIM"]
[BlackTitle "GM"]
[WhiteElo "2259"]
[BlackElo "2462"]
[WhiteFideId "13703595"]
[BlackFideId "5200016"]
[EventDate "2013.10.10"]

1. e4 e5 2. Nf3 Nc6 3. Bb5 a6 4. Ba4 Nf6 5. d3 d6 6. c3 Be7 7. O-O O-O 8. h3 Nd7
9. Re1 Nb6 10. Bc2 Bf6 11. Nbd2 g6 12. Nf1 Bg7 13. Be3 d5 14. Qc1 d4 15. Bh6 Be6
16. Ng3 f6 17. Nh2 Qd7 18. Bxg7 Kxg7 19. f4 Qd6 20. f5 Bf7 21. h4 Ne7 22. Ng4
Ng8 23. Qd2 Nc8 24. Rf1 Nce7 25. fxg6 hxg6 26. h5 Be6 27. Nh2 g5 28. Nf3 c5 29.
Bb3 Nh6 30. cxd4 cxd4 31. Bxe6 Qxe6 32. Rac1 Qg4 33. Rc7 Qxg3 34. Rxe7+ Rf7 35.
Rxf7+ Nxf7 36. Qb4 g4 37. Nh2 Rh8 38. Qe7 Rh6 39. Qe6 Qe3+ 40. Kh1 g3 41. Qg4+
Qg5 42. Rf5 Qxg4 43. Nxg4 Rh8 44. Kg1 Rc8 45. Kf1 Rc6 46. Ke2 Ng5 47. Kd2 Nh7
48. Rf3 Rb6 49. b3 a5 50. Rxg3 Kf8 51. Nh2 Ng5 52. Ng4 Nh7 53. Nh6 Ng5 54. Nf5
Rc6 55. h6 Rc7 56. Ng7 Rc6 57. Nh5 Kf7 58. Ng7 a4 59. Nf5 axb3 60. axb3 Ra6 61.
Kc2 Kg6 62. Rg4 Rc6+ 63. Kb2 Rc3 64. Rg3 Kh7 65. Ka3 b5 66. Kb4 Kg6 67. Ka3 Kh7
68. Kb4 Kg6 69. Ne7+ Kxh6 70. Nd5 Rc6 71. Kxb5 Re6 72. Nc7 Re7 73. Kc6 Kh5 74.
b4 Kh4 75. Rf3 Nxf3 76. gxf3 Kg3 77. b5 Rh7 78. b6 Kxf3 79. b7 Rh8 80. Ne6 Ke3
81. Nc5 Kd2 82. Kc7 Kc3 83. b8=Q Rxb8 84. Kxb8 Kb4 85. Nd7 Kc3 86. Nc5 Kb4 87.
Nd7 Kc3 88. Nc5 1/2-1/2

[Event "Indonesia Open 2013"]
[Site "Jakarta INA"]
[Date "2013.10.13"]
[Round "5.46"]
[White "Yap, Kim Steven"]
[Black "Sucipto, Haryadi"]
[Result "1-0"]
[WhiteTitle "IM"]
[WhiteElo "2417"]
[BlackElo "2219"]
[WhiteFideId "5202809"]
[BlackFideId "7100779"]
[EventDate "2013.10.10"]

1. e4 c5 2. b3 Nc6 3. Bb2 e6 4. Nf3 d5 5. exd5 exd5 6. d4 Nf6 7. Be2 Be7 8. O-O
O-O 9. Nbd2 b6 10. Re1 Bb7 11. Nf1 Rc8 12. Ng3 Ne4 13. dxc5 Bxc5 14. Rf1 Nxg3
15. hxg3 Re8 16. a3 a5 17. Qd2 Qd6 18. Bd3 d4 19. Ng5 h6 20. Bh7+ Kf8 21. Ne4
Qd5 22. Nxc5 bxc5 23. f3 f5 24. g4 fxg4 25. fxg4+ Ke7 26. Bf5 Rb8 27. Rae1+ Kd6
28. Qf4+ Ne5 29. Qg3 Re7 30. c4 Qxg2+ 31. Qxg2 Bxg2 32. Kxg2 Rxb3 33. Bc1 g5 34.
Re2 Nf7 35. Rxe7 Kxe7 36. Re1+ Kf8 37. Re2 Nd6 38. Bc2 Rb8 39. Re5 Nxc4 40. Rxc5
Ne3+ 41. Bxe3 dxe3 42. Kf3 1-0

[Event "Indonesia Open 2013"]
[Site "Jakarta INA"]
[Date "2013.10.13"]
[Round "5.47"]
[White "Sinurat, Tumpak"]
[Black "Yoseph, Theolifus Taher"]
[Result "1-0"]
[WhiteElo "2249"]
[BlackElo "2345"]
[WhiteFideId "7104138"]
[BlackFideId "7105347"]
[EventDate "2013.10.10"]

1. e4 c5 2. Nc3 e6 3. g3 a6 4. Bg2 Qc7 5. Nge2 b5 6. d4 cxd4 7. Nxd4 Bb7 8. O-O
d6 9. a4 bxa4 10. Rxa4 Nd7 11. Qe2 Rc8 12. Nb3 Nb6 13. Ra2 Nc4 14. Rd1 Nf6 15.
Bf1 Qb8 16. Ra4 Nb6 17. Ra2 Nc4 18. Rd4 Ne5 19. Na5 Nc6 20. Rc4 Nxa5 21. Rxa5
Be7 22. Rxc8+ Qxc8 23. Qc4 O-O 24. Ra4 Qd7 25. Qa2 d5 26. e5 Ne8 27. Bxa6 Bc6
28. Rd4 f6 29. exf6 Bxf6 30. Rd1 Qf7 31. Ne2 Nc7 32. Bd3 Kh8 33. Qa7 e5 34. Qb6
Ba8 35. b3 Ne6 36. Rf1 Bd8 37. Qa6 Nc7 38. Qd6 Qf3 39. Ba3 Rg8 40. Nd4 exd4 41.
Re1 Qf6 42. Qd7 Bc6 43. Qh3 h6 44. Bc5 Re8 45. Rxe8+ Bxe8 46. Qc8 Ne6 47. Bb4
Qf7 48. Qa8 Be7 49. Ba5 Nf8 50. Bb6 Bd7 51. Bxd4 Bh3 52. Qa6 Ne6 53. Qa8+ Nf8
54. f4 Qh5 55. Kf2 Be6 56. h4 Qd1 57. Qe8 Bb4 58. Kg2 Qd2+ 59. Kg1 Qe1+ 60. Kh2
Qd2+ 61. Kg1 Bh3 62. Qe2 Qxe2 63. Bxe2 Bf5 64. c3 Bd6 65. Bf3 Be6 66. Kf2 Kg8
67. Ke3 Nd7 68. g4 g6 69. b4 Be7 70. g5 h5 71. f5 Bxf5 72. Bxd5+ Kf8 73. b5 Bd6
74. b6 Ke7 75. Kf3 Kd8 76. c4 Kc8 77. Be4 Bxe4+ 78. Kxe4 Bg3 79. c5 Kb7 80. Kd5
Nb8 81. Ke6 Nc6 82. Bg1 Ne5 83. Bd4 Nf3 84. Be3 Nxh4 85. Kd7 Nf5 86. c6+ Ka6 87.
c7 Nd6 88. Bc5 1-0

[Event "Indonesia Open 2013"]
[Site "Jakarta INA"]
[Date "2013.10.13"]
[Round "5.48"]
[White "Hamdani, Rudin"]
[Black "Marentek, Hanny"]
[Result "0-1"]
[WhiteTitle "FM"]
[BlackTitle "FM"]
[WhiteElo "2339"]
[BlackElo "2208"]
[WhiteFideId "7100213"]
[BlackFideId "7100825"]
[EventDate "2013.10.10"]

1. e4 c6 2. d4 d5 3. Nc3 dxe4 4. Nxe4 Bf5 5. Ng3 Bg6 6. Nf3 Nd7 7. h4 h6 8. h5
Bh7 9. Bd3 Bxd3 10. Qxd3 Ngf6 11. Bd2 e6 12. O-O-O Qc7 13. Ne4 O-O-O 14. c4 c5
15. Nxf6 Nxf6 16. Be3 cxd4 17. Bxd4 Bc5 18. Kb1 Rd7 19. Qc2 Bxd4 20. Nxd4 Rhd8
21. Nb5 Qc5 22. Rxd7 Rxd7 23. Qe2 a6 24. Nc3 Qf5+ 25. Ka1 Qg5 26. Qf3 Rd4 27. a3
Qf4 28. Qxf4 Rxf4 29. f3 Rxc4 30. Kb1 Kc7 31. Kc2 Rc5 32. g4 Nd5 33. Kd3 Nxc3
34. bxc3 Ra5 35. Ra1 Ra4 36. Ra2 b5 37. Ra1 Kc6 38. Ra2 a5 39. Ra1 Kd5 40. Kc2
Kc4 41. Kb2 b4 42. cxb4 axb4 43. Rc1+ Kd5 44. Rd1+ Ke5 45. axb4 Rxb4+ 46. Kc3
Rf4 47. Rd3 Ra4 0-1

[Event "Indonesia Open 2013"]
[Site "Jakarta INA"]
[Date "2013.10.13"]
[Round "5.49"]
[White "Bachtiar, Ahmad Ina"]
[Black "Bancod, Ronald"]
[Result "1/2-1/2"]
[BlackTitle "IM"]
[WhiteElo "2219"]
[BlackElo "2306"]
[WhiteFideId "7102682"]
[BlackFideId "5200938"]
[EventDate "2013.10.10"]

1. e4 c5 2. Nf3 Nc6 3. d4 cxd4 4. Nxd4 g6 5. Nc3 Bg7 6. Be3 Nf6 7. Nb3 O-O 8.
Be2 d6 9. O-O Be6 10. f4 Rc8 11. Bf3 b5 12. Rf2 b4 13. Nd5 Nd7 14. Nd4 Bxd5 15.
exd5 Nxd4 16. Bxd4 Bxd4 17. Qxd4 Qb6 18. Qxb6 Nxb6 19. a3 a5 20. axb4 axb4 21.
Ra7 Rfe8 22. Re2 Nc4 23. c3 bxc3 24. bxc3 Kf8 25. Ra6 Rc5 26. Kf2 h5 27. Rea2
Rb8 28. Ke2 Rb3 29. Rc6 Rxc3 30. Ra8+ Kg7 31. Rac8 Nb6 32. Rxc5 Rxc5 33. Rc6
Nxd5 34. Rxc5 Nxf4+ 35. Ke3 Nxg2+ 36. Bxg2 dxc5 37. Kd3 Kf6 38. Kc4 Ke5 39. Kxc5
g5 40. Bc6 f5 41. Kc4 g4 42. Kd3 Kf4 43. Ke2 e5 44. Bd7 e4 45. Kf2 h4 46. Bc8
Kg5 47. Bb7 Kf6 48. Bc6 Ke6 49. Bb7 Kd7 50. Bd5 Kd6 51. Bb7 Ke5 52. Bc8 Kf4 53.
Bd7 g3+ 54. hxg3+ hxg3+ 55. Kg2 e3 56. Bb5 Kg4 57. Be2+ Kh4 58. Bf1 f4 59. Kf3
Kg5 60. Bh3 Kf6 1/2-1/2

[Event "Indonesia Open 2013"]
[Site "Jakarta INA"]
[Date "2013.10.13"]
[Round "5.50"]
[White "Margana, Adhy"]
[Black "Khairul, Anam"]
[Result "1-0"]
[BlackTitle "FM"]
[WhiteElo "2203"]
[BlackElo "2301"]
[WhiteFideId "7101376"]
[BlackFideId "7102429"]
[EventDate "2013.10.10"]

1. d4 g6 2. Nf3 Bg7 3. c4 c5 4. d5 d6 5. Nc3 Bxc3+ 6. bxc3 Qa5 7. Qb3 f5 8. g3
Nd7 9. Bg2 Nb6 10. O-O Nf6 11. Nd2 O-O 12. Re1 Rf7 13. e4 fxe4 14. Nxe4 Nxe4 15.
Rxe4 Bf5 16. Rh4 Qa6 17. Be4 Nd7 18. Bh6 Ne5 19. Kg2 e6 20. Re1 Bxe4+ 21. Rhxe4
exd5 22. cxd5 Qd3 23. R1e3 c4 24. Rxd3 cxb3 25. Rd2 Rc7 26. axb3 Rxc3 27. Rde2
Rac8 28. h3 b5 29. Be3 R3c7 30. Bd4 Nd3 31. Re8+ Rxe8 32. Rxe8+ Kf7 33. Rh8 Rc1
34. Rxh7+ Kg8 35. Rh8+ Kf7 36. Bxa7 Rb1 37. Rh7+ Kf6 38. Bd4+ Kf5 39. f3 Ne5 40.
Rh8 g5 41. Rh6 Nxf3 42. Kxf3 Rxb3+ 43. Be3 Ke5 44. Rh5 Kxd5 45. Rxg5+ 1-0

[Event "Indonesia Open 2013"]
[Site "Jakarta INA"]
[Date "2013.10.13"]
[Round "5.51"]
[White "Firdaus, Maksum"]
[Black "Panggabean, Hasian"]
[Result "0-1"]
[WhiteTitle "FM"]
[WhiteElo "2257"]
[BlackElo "2190"]
[WhiteFideId "7100833"]
[BlackFideId "7101023"]
[EventDate "2013.10.10"]

1. e4 c6 2. d4 d5 3. e5 Bf5 4. Nf3 e6 5. Be2 Nd7 6. Nbd2 Ne7 7. O-O c5 8. c4
cxd4 9. Nb3 d3 10. Bxd3 Bxd3 11. Qxd3 Nb6 12. cxd5 Qxd5 13. Qe2 Nc6 14. Bg5 h6
15. Rac1 Qd7 16. Rfd1 Nd5 17. Bh4 Be7 18. Bg3 O-O 19. Nfd2 Rfc8 20. Nc4 b6 21.
Ne3 Rd8 22. f4 a5 23. f5 a4 24. Nxd5 exd5 25. e6 fxe6 26. fxe6 Qe8 27. Nd2 Nd4
28. Qe3 Bc5 29. Rxc5 bxc5 30. e7 Rd7 31. Bh4 Qf7 32. Rf1 Qe6 33. Qf2 Rxe7 34.
Bxe7 Qxe7 35. Re1 Qg5 36. h4 Qg4 37. Re5 Rf8 38. Qe3 Nf5 39. Qxc5 Qd1+ 40. Nf1
Ng3 41. Qxd5+ Qxd5 42. Rxd5 Rxf1+ 43. Kh2 Nf5 44. h5 Kf7 45. Ra5 Rf2 46. Kh3 Kf6
47. Rxa4 Rxb2 48. Ra6+ Ke5 49. Ra5+ Ke6 50. Ra7 Rc2 51. Ra3 Re2 52. Ra6+ Ke5 53.
Ra5+ Kf4 54. Ra4+ Re4 55. Rxe4+ Kxe4 56. a4 Kf4 57. a5 Nd6 58. a6 Nb5 59. Kh4
Na7 60. Kh3 Kg5 61. g4 Kf4 62. Kh4 Kf3 63. Kh3 Nc6 64. Kh4 Kg2 65. g5 Kf3 66.
gxh6 gxh6 67. Kh3 Kf4 68. Kh4 Na7 69. Kh3 Kg5 70. Kg3 Kxh5 71. Kh3 Kg5 72. Kg3
h5 73. Kh3 Nb5 74. Kg3 Na7 75. Kh3 h4 76. Kh2 Kg4 77. Kg2 Nb5 78. Kh2 h3 79. Kh1
Kg3 80. Kg1 h2+ 81. Kh1 Nc3 0-1

[Event "Indonesia Open 2013"]
[Site "Jakarta INA"]
[Date "2013.10.13"]
[Round "5.52"]
[White "Mahmud, Syarif"]
[Black "Sonjaya, Deni"]
[Result "0-1"]
[WhiteTitle "FM"]
[BlackTitle "FM"]
[WhiteElo "2252"]
[BlackElo "2265"]
[WhiteFideId "7100108"]
[BlackFideId "7101465"]
[EventDate "2013.10.10"]

1. d4 f5 2. c4 Nf6 3. Nc3 d6 4. Nf3 g6 5. g3 Bg7 6. Bg2 O-O 7. O-O Qe8 8. b3 h6
9. Ba3 g5 10. e3 c6 11. Rc1 Na6 12. b4 Nc7 13. Re1 Qf7 14. Qe2 Bd7 15. Nd2 Rae8
16. b5 f4 17. bxc6 Bxc6 18. Bxc6 bxc6 19. Rb1 fxg3 20. fxg3 Ne6 21. Rb7 Qg6 22.
d5 Nd8 23. Rxa7 h5 24. Rf1 Ng4 25. Rxf8+ Rxf8 26. Nce4 Bf6 27. Ra8 cxd5 28. cxd5
Qf5 29. h3 Qxd5 30. Qc4 Nxe3 31. Nxf6+ exf6 32. Qxd5+ Nxd5 33. Bxd6 Re8 34. a4
Kf7 35. a5 Nc6 36. Rxe8 Kxe8 37. a6 Kd7 38. Bc5 Nc7 39. a7 Ke6 40. Kf2 Kd5 41.
Bb6 Na8 42. Be3 Ne5 43. Ke2 Nc6 44. Kd3 h4 45. g4 Ne5+ 46. Ke2 Nf7 47. Nb3 Nd6
48. Kd3 Nc4 49. Bd4 f5 50. gxf5 g4 51. f6 Nd6 52. hxg4 h3 53. Bg1 Ke6 54. Bh2
Nf7 55. Nd4+ Kxf6 56. Ke4 Nb6 57. Bc7 Ng5+ 58. Kd3 Na8 59. Kc4 0-1

[Event "Indonesia Open 2013"]
[Site "Jakarta INA"]
[Date "2013.10.13"]
[Round "5.53"]
[White "Lim, Kian Hwa"]
[Black "Capitelli, Paolo"]
[Result "1/2-1/2"]
[WhiteElo "1902"]
[BlackElo "2089"]
[WhiteFideId "5700744"]
[BlackFideId "809330"]
[EventDate "2013.10.10"]

1. e4 c5 2. Nc3 Nc6 3. g3 d6 4. Bg2 g6 5. d3 Bg7 6. Be3 e6 7. Qd2 Nge7 8. Bh6
O-O 9. Bxg7 Kxg7 10. f4 f5 11. Nf3 Nd4 12. Nh4 Rb8 13. Nd1 d5 14. Ne3 Ndc6 15.
exf5 exf5 16. O-O d4 17. Nd1 Be6 18. Re1 Bd5 19. Re2 Bxg2 20. Nxg2 Nd5 21. Nf2
Qd7 22. a3 Rbe8 23. Rae1 Nf6 24. h3 b5 25. Nh4 b4 26. axb4 Nxb4 27. Nf3 Rxe2 28.
Rxe2 Re8 29. Rxe8 Nxe8 30. Ne5 Qe6 31. c3 Nd5 32. cxd4 cxd4 33. Qa5 a6 34. Qa4
g5 35. Qxd4 gxf4 36. gxf4 Nef6 37. h4 Kg8 38. Nh3 Qc8 39. Nc4 Qe8 40. Qe5 Qg6+
41. Ng5 h6 42. Qb8+ Ne8 43. Ne5 Qh5 44. Ngf3 Nxf4 45. Qb3+ Kh8 46. Kh2 Nf6 47.
Qb8+ Qe8 48. Nf7+ Kg7 49. Qxf4 Ng4+ 50. Kg3 Qxf7 51. Nd4 Kg6 52. Nxf5 h5 53.
Qg5+ Kh7 54. Qe7 Qxe7 55. Nxe7 Ne5 56. d4 Nc4 57. d5 Kg7 58. b3 Nd2 59. b4 Kf6
60. Nc8 Ke5 61. Nb6 Ne4+ 62. Kf3 Nf6 63. Kg3 Nxd5 64. Nd7+ Kd6 65. Nb8 Nxb4 66.
Nxa6 Nxa6 67. Kf4 Ke6 68. Kg5 Nc7 69. Kxh5 Kf5 70. Kh6 Ne8 71. Kh7 Kf6 72. Kg8
Ke7 73. h5 Nf6+ 74. Kg7 Nxh5+ 1/2-1/2

[Event "Indonesia Open 2013"]
[Site "Jakarta INA"]
[Date "2013.10.13"]
[Round "5.54"]
[White "Suradiradja, Herman"]
[Black "Brokko, Margit"]
[Result "1-0"]
[WhiteTitle "GM"]
[BlackTitle "WFM"]
[WhiteElo "2215"]
[BlackElo "2073"]
[WhiteFideId "7100167"]
[BlackFideId "4501098"]
[EventDate "2013.10.10"]

1. e4 d6 2. d4 Nf6 3. Nc3 g6 4. h3 Bg7 5. Nf3 O-O 6. Bc4 a6 7. a4 Nc6 8. d5 Nb4
9. O-O c6 10. a5 b6 11. axb6 Qxb6 12. Bg5 Bb7 13. Bb3 a5 14. Re1 Na6 15. e5 dxe5
16. Nxe5 Rad8 17. Nc4 Qc7 18. Nxa5 cxd5 19. Nxb7 Qxb7 20. Qe2 Nc5 21. Qxe7 Qxe7
22. Rxe7 Nxb3 23. cxb3 d4 24. Ne4 Nxe4 25. Rxe4 Rb8 26. b4 Rfc8 27. Rc1 Rxc1+
28. Bxc1 f5 29. Re7 Rxb4 30. Rd7 h6 31. Rc7 g5 32. Kf1 Kh7 33. Ke2 Rb3 34. Kd2
Kg6 35. Kc2 Rb6 36. Rd7 Rc6+ 37. Kd1 Be5 38. b4 Kf6 39. Rh7 Kg6 40. Rb7 f4 41.
b5 Rc4 42. Rb6+ Bf6 43. Bd2 Kf5 44. Ke2 h5 45. Kd3 Ra4 46. Ra6 1-0

[Event "Indonesia Open 2013"]
[Site "Jakarta INA"]
[Date "2013.10.14"]
[Round "6.2"]
[White "Mareco, Sandro"]
[Black "Ganguly, Surya Shekhar"]
[Result "1/2-1/2"]
[WhiteTitle "GM"]
[BlackTitle "GM"]
[WhiteElo "2565"]
[BlackElo "2639"]
[WhiteFideId "112275"]
[BlackFideId "5002150"]
[EventDate "2013.10.10"]

1. Nf3 Nf6 2. c4 e6 3. g3 Be7 4. Bg2 O-O 5. O-O d5 6. d4 dxc4 7. Qc2 a6 8. Qxc4
b5 9. Qc2 Bb7 10. Bd2 Bd6 11. Ng5 Qc8 12. Nc3 Bxg2 13. Kxg2 Qb7+ 14. f3 Nbd7 15.
Rac1 Rac8 16. Nce4 h6 17. Nxf6+ Nxf6 18. Ne4 Nxe4 19. Qxe4 Qxe4 20. fxe4 c5 21.
e3 c4 22. a3 Rfd8 23. Kf3 h5 24. Ke2 f6 25. Bb4 Rd7 26. Rc3 Ra8 27. b3 Bxb4 28.
axb4 a5 29. Ra1 Rda7 30. Rxa5 Rxa5 31. bxa5 Rxa5 1/2-1/2

[Event "Indonesia Open 2013"]
[Site "Jakarta INA"]
[Date "2013.10.14"]
[Round "6.3"]
[White "Ivanisevic, Ivan"]
[Black "Hoang, Thanh Trang"]
[Result "1-0"]
[WhiteTitle "GM"]
[BlackTitle "GM"]
[WhiteElo "2632"]
[BlackElo "2495"]
[WhiteFideId "912417"]
[BlackFideId "12400149"]
[EventDate "2013.10.10"]

1. d4 d5 2. c4 c6 3. Nf3 Nf6 4. Nc3 dxc4 5. a4 Bf5 6. Ne5 Nbd7 7. Nxc4 Nb6 8.
Ne5 a5 9. e3 g6 10. Bd3 Bxd3 11. Nxd3 Bg7 12. Qb3 O-O 13. O-O Nfd7 14. Ne2 e5
15. Nxe5 Nxe5 16. dxe5 Bxe5 17. e4 Qc7 18. f4 Bg7 19. Be3 Nd7 20. e5 Rfe8 21.
Rad1 Bf8 22. Ng3 Nc5 23. Qc2 b6 24. Ne4 Nxe4 25. Qxe4 Rad8 26. Rc1 c5 27. Rfd1
Rd7 28. Kf2 Red8 29. Ke1 Qc8 30. b3 Qa6 31. Rxd7 Rxd7 32. Kf2 Qd3 33. Qxd3 Rxd3
34. Rb1 Rc3 35. Rb2 c4 36. bxc4 Bc5 37. Bxc5 bxc5 38. Rb5 Rxc4 39. Rxa5 Rxf4+
40. Ke3 Rd4 41. Ra8+ Kg7 42. Ra7 Rd5 43. e6 Re5+ 44. Kd3 Rxe6 45. a5 Re1 46. a6
Rc1 47. Rc7 Ra1 48. a7 Ra4 49. Kc3 c4 50. Kd4 g5 51. g4 h5 52. gxh5 Kh6 53. Kc5
Ra2 54. Kb6 Rb2+ 55. Ka6 Ra2+ 56. Kb7 Rb2+ 57. Kc8 Ra2 58. Kb8 f5 59. a8=Q Rxa8+
60. Kxa8 f4 61. Kb7 Kxh5 62. Kc6 Kg4 63. Kd5 Kf3 64. Rxc4 Ke3 65. Rc3+ Kd2 66.
Rf3 Ke2 67. Ke4 1-0